<?xml version="1.0" encoding="UTF-8"?>
<record
    xmlns:xsi="http://www.w3.org/2001/XMLSchema-instance"
    xsi:schemaLocation="http://www.loc.gov/MARC21/slim http://www.loc.gov/standards/marcxml/schema/MARC21slim.xsd"
    xmlns="http://www.loc.gov/MARC21/slim">

  <leader>00711nam a22001811cc4500</leader>
  <controlfield tag="001">a987677397+Kniga2</controlfield>
  <datafield tag="035" ind1=" " ind2=" ">
    <subfield code="a">a987677397</subfield>
  </datafield>
  <controlfield tag="008">170707s2015    gw a|||        000u rus d</controlfield>
  <datafield tag="020" ind1=" " ind2=" ">
    <subfield code="a">9785971014539</subfield>
    <subfield code="9">978-5-9710-1453-9</subfield>
  </datafield>
  <datafield tag="245" ind1="0" ind2="0">
    <subfield code="a">Pute&#x161;estvie iz Peterburga v Moskvu</subfield>
    <subfield code="n">Kniga 2</subfield>
    <subfield code="p">Pute&#x161;estvie iz Peterburga v Moskvu v XXI veke : po itogam ekspedicii 2013 goda</subfield>
  </datafield>
  <datafield tag="264" ind1=" " ind2=" ">
    <subfield code="a">Moskva :</subfield>
    <subfield code="b">URSS,</subfield>
    <subfield code="c">2015</subfield>
  </datafield>
  <datafield tag="300" ind1=" " ind2=" ">
    <subfield code="a">352 S.: graph. Dasrst., Ill., Kt.</subfield>
  </datafield>
  <datafield tag="246" ind1="1" ind2="2">
    <subfield code="a">Pute&#x161;estvie iz Peterburga v Moskvu : 222 goda spustja. Pute&#x161;estvie iz Peterburga v Moskvu v XXI veke : po itogam ekspedicii 2013 goda</subfield>
    <subfield code="n">Kniga 2</subfield>
  </datafield>
  <datafield tag="773" ind1="0" ind2="8">
    <subfield code="w">a987677397</subfield>
    <subfield code="q">Kniga2</subfield>
  </datafield>
  <datafield tag="942" ind1=" " ind2=" ">
    <subfield code="c">MG</subfield>
  </datafield>
  <datafield tag="040" ind1=" " ind2=" ">
    <subfield code="c">RU-10907106</subfield>
  </datafield>
  <controlfield tag="003">RU-10907106</controlfield>
  <datafield tag="999" ind1=" " ind2=" ">
    <subfield code="c">46824</subfield>
    <subfield code="d">46824</subfield>
  </datafield>
  <datafield tag="952" ind1=" " ind2=" ">
    <subfield code="0">0</subfield>
    <subfield code="1">0</subfield>
    <subfield code="2">z</subfield>
    <subfield code="4">0</subfield>
    <subfield code="7">0</subfield>
    <subfield code="a">DHIM</subfield>
    <subfield code="b">DHIM</subfield>
    <subfield code="c">GEN-2</subfield>
    <subfield code="d">2017-07-07</subfield>
    <subfield code="i">16-03383 Ersatz&#xDF;</subfield>
    <subfield code="o">R 72 f Nef 1 (2)</subfield>
    <subfield code="p">E0040150790B9FBD</subfield>
    <subfield code="r">2020-10-02 00:00:00</subfield>
    <subfield code="w">2021-03-22</subfield>
    <subfield code="y">MG</subfield>
  </datafield>
</record>
